| 000 | 00700 a2200193 4500 | ||
|---|---|---|---|
| 003 | Nust | ||
| 005 | 20221221123722.0 | ||
| 040 | _cNust | ||
| 082 | _a621.384133,BEL | ||
| 100 |
_aLeonard W. Bell _9105527 |
||
| 245 |
_aAutomated testing systems / _cLeonard W. Bell |
||
| 250 | _a2nd ed | ||
| 260 |
_aTektronix _bMeasurment concepts _c1970 |
||
| 300 |
_a272 p _bilius _c24 cm |
||
| 505 | _aIntroduction to Tektronix System (Page-3), The Memory and Control Block (Page-11), The Measure Block (Page-69), The Stimulus Block (Page-193), The Fixture Block (Page-245), Recap Discussion (Page-261). | ||
| 600 |
_aLeonard W. Bell _9105527 |
||
| 650 |
_aAutomated testing systems _9105528 |
||
| 942 |
_2ddc _cBK |
||
| 999 |
_c183430 _d183430 |
||